The Roman world
Αποθηκεύτηκε σε:
| Άλλοι συγγραφείς: | |
|---|---|
| Μορφή: | Βιβλίο |
| Γλώσσα: | English |
| Δημοσίευση: |
London and New York :
Routledge,
c2002
|
| Θέματα: | |
| Ετικέτες: |
Προσθήκη ετικέτας
Δεν υπάρχουν, Καταχωρήστε ετικέτα πρώτοι!
|
MARC
| LEADER | 00000nam a2200000 i 4500 | ||
|---|---|---|---|
| 001 | 1/58180 | ||
| 008 | 040625s2002 eng d | ||
| 020 | |a 0-415-263-15-8 (v.1) | ||
| 020 | |a 0-415-26316-6 (v.2) | ||
| 020 | |a 0-415-26314-X (set) | ||
| 035 | |l 10073901 | ||
| 040 | |a GR-MY-UA |b gre |e aacr | ||
| 041 | 0 | |a eng | |
| 082 | 0 | |a 937 |2 (21) | |
| 245 | 1 | 4 | |a The Roman world / |c edited by John Wacher |
| 260 | |a London and New York : |b Routledge, |c c2002 | ||
| 300 | |a 2 τ.; |b εικ.; |c 25 εκ. | ||
| 504 | |a Περιέχει ευρετήριο | ||
| 651 | 0 | |a Rome |x Civilization. | |
| 700 | 1 | |a Wacher, J. S. |4 edt | |
| 852 | |a INST |b LESVOS |e 20040625 |h 937 ROM |p 005100030639 |q 005100030639 |t BK |y 0 |z v.1 | ||
| 852 | |a INST |b LESVOS |e 20040625 |h 937 ROM |p 005100030640 |q 005100030640 |t BK |y 0 |z v.2 | ||
| 852 | |a INST |b LESVOS |e 20040625 |h 937 ROM |p 005100030639 |q 005100030639 |t BK |v v.1: |y 0 |z v.1 | ||
| 852 | |a INST |b LESVOS |e 20040625 |h 937 ROM |p 005100030640 |q 005100030640 |t BK |v v.2: |y 0 |z v.2 | ||
| 853 | |a INST |b LESVOS |h 937 ROM | ||
| 901 | |a BIBL1-2004-2 | ||
| 909 | |a Λ |b 111123 | ||
| 909 | |a Λ |b 111124 | ||
| 920 | |a ΤΑΚΤΙΚΟΣ ΚΟΙΝΩΝΙΚΗΣ ΑΝΘΡΩΠΟΛΟΓΙΑΣ ΚΑΙ ΙΣΤΟΡΙΑΣ |y ΛΕΣΒΟΣ |z 2004-05 | ||
| 970 | |a ΤΖΑΦΕΡΗ |b ΕΥΑΓΓΕΛΙΑ |z 2004/06/25 | ||